000 00454nam a22001817a 4500
999 _c11309
_d11309
003 OSt
008 220610b ||||| |||| 00| 0 eng d
020 _a9780070611139
082 _a004.678 GRI
100 _aGREENLAW, Raymond
245 _aIn - Line / On - Line: Fundamentals of Internet and World Wide Web
250 _a2nd
260 _aChennai
_bMcGraw Hill
_c2010
300 _a696
650 _aCSE
700 _aHEPP, Ellen
942 _2ddc
_cBK